000 01340nam0a22003371 4500
001 v19\rc\1786683
005 20250619083853.0
035 _a(NLR Aleph) 004892283
090 _a5284154
_c5284154
100 _a20061204d1904 |||y0rusy50 ca
101 1 _arus
_cger
102 _aRU
105 _ay z |||||
200 1 _aТаблицы для определения минералов при посредстве внешних признаков и простых химических реакций
_fК. Фукс
_gПер. с нем. Д.С. Белянкина, лаборанта С.-Петерб. политехн. ин-та
_gПод ред. проф. Ф.Ю. Левинсона-Лессинга
210 _aСанкт-Петербург
_cтип. Ю.Н. Эрлих
_d1904
215 _a130 с.
_d22
700 1 _aФукс
_bК.В.
_f1837-1886
_gКарл Вильгельм
702 1 _aБелянкин
_bД.С.
_4730
702 1 _9z01790
_aЛевинсон-Лессинг
_bФ.Ю.
_4340
790 1 _9z01702
_aЛессинг
_bФ.Ю.
801 0 _aRU
_bNLR
_gpsbo
801 0 _aRU
_bRuMoRGB
_2psbo
801 1 _aRU
_bProSoft-M
_2rusmarc
852 _aNLR
_j38.27.7.9
852 _aNLR
_j130/5913
899 _aRuMoRGB
_jJ 75/391
899 _aRuMoRGB
_jU 346/117
899 _aБАН
899 _aНБ МГУ
942 _cBOOK
980 _aNB